Govt. of
Madhya Pradesh

India And India Mission : (Record no. 351)

MARC details
000 -LEADER
fixed length control field 004260000a22001570004500
001 - CONTROL NUMBER
control field 000349
003 - CONTROL NUMBER IDENTIFIER
control field MACL
040 ## - CATALOGING SOURCE
Original cataloging agency MACL
090 ## - LOCALLY ASSIGNED LC-TYPE CALL NUMBER (OCLC); LOCAL CALL NUMBER (RLIN)
-- 349
-- 349
100 ## - MAIN ENTRY--PERSONAL NAME
Personal name Duff, Rev.Alexander
245 ## - TITLE STATEMENT
Title India And India Mission :
Remainder of title Including Sketches Of The Gigantic System Of Hindism Both In Theory And Practice
Statement of responsibility, etc. Rev.Alexander Duff
260 ## - PUBLICATION, DISTRIBUTION, ETC. (IMPRINT)
Place of publication, distribution, etc. Swati Publications,
Date of publication, distribution, etc. 1997
350 ## - PRICE (NR) (BK AM CF MU VM SE) [OBSOLETE]
Price 500
650 ## - SUBJECT ADDED ENTRY--TOPICAL TERM
Topical term or geographic name as entry element religion
942 ## - ADDED ENTRY ELEMENTS (KOHA)
Call number prefix 295
Koha item type Library Membar
Holdings
Withdrawn status Lost status Source of classification or shelving scheme Damaged status Not for loan Home library Current library Date acquired Cost, normal purchase price Total Checkouts Full call number Barcode Date last seen Uniform Resource Identifier Price effective from Koha item type
          MACL MACL 15/04/2015 500.00   295.5 DUF CRE011910 02/05/2024 349 15/04/2015 Books